000 00280nam a2200097Ia 4500
082 _aEF|WEST
245 0 _aThe sea of wise insects
100 _a Westby-Nunn, Terry Auckland Park, South Africa, 2011
_966557
942 _cBK
008 210817s9999 xx 000 0 und d
999 _c213647
_d213646